00912nam a2200241 a 4500001001000000003000500010005001700015007001500032008004100047040000900088100003300097245017800130264004100308336002700349337002900376338004000405502005000445650003700495650002600532650001900558650003600577856005700613000114804CHAP20240620142503.0cr ||||||a|c|a180417s2018 mx sm |||||||spa d cCHAP1 aReyes Rivera, Alejandro Eric10aPropiedades físico mecánicas en nuez de castilla (Juglans regia L.) y algoritmo de medición y clasificación con visión artificialcpor Alejandro Erik Reyes Rivera. aChapingo, Méx. :bEl autor,c2018. 2rdacontentatextobtxt 2rdamediaacomputadorabc 2rdacarrierarecursos en líneabcr bMIAUIAcIrrigación y Mecánicad2018.gMAE14aMaquinaria agrícolaxDiseño.14aNuezxAlmacenamiento.14aNuezxCalidad.14aNuezxTecnología postcosecha. uhttp://10.13.5.2/tesis/sist114804.pdfzDESCARGAR PDF